Contemporary theory in international relations

Kaydedildi:
Detaylı Bibliyografya
Yazar: Hoffmann, Stanley (Yazar)
Materyal Türü: Kitap
Dil:İngilizce
Baskı/Yayın Bilgisi: Englewood Cliffs Prentice-Hall 1960
Konular:
Etiketler: Etiketle
Etiket eklenmemiş, İlk siz ekleyin!

MARC

LEADER 00000nam a2200000 a 4500
001 UCT7864
003 CL-VaPUC
008 970317e19600000us |||||||||||||||||eng|d
082 0 4 |a 327.101  |b HOF  |2 21 
100 |a Hoffmann, Stanley  |e author  |9 536614 
245 1 0 |a Contemporary theory in international relations 
300 |a 293 p 
942 |c BK 
945 |d 19970317 00:00:00  |a paguirre 
260 |a Englewood Cliffs  |b Prentice-Hall  |c 1960 
650 0 |a Relaciones Internacionales  |9 255740 
650 0 |a Política internacional  |9 255813 
650 7 |a DOCTRINAS INTERNACIONALES  |2 CL-VaPUC  |9 377732 
650 7 |a TEORIA POLITICA  |2 CL-VaPUC  |9 379108 
650 7 |a EQUILIBRIO INTERNACIONAL  |2 CL-VaPUC  |9 314688 
583 |a last modification  |c 20150428 02:35:27  |k Rodrigo Vera 
999 |c 256411  |d 256409 
952 |0 0  |1 0  |4 0  |6 327_101000000000000_HOF_1960  |7 0  |8 A  |9 279135  |a BIBDER  |b BIBDER  |d 2019-11-19  |i 1808664  |o 327.101 HOF 1960  |p 1808664  |r 2023-01-25  |w 2019-11-19  |y BK  |k DER